Statystyki dla Historia quiz #2 - Pojęcia historyczne

Kliknij tutaj aby rozwiązać quiz!

Ogólne statystyki

  • Ten quiz został rozwiązany 182 razy
  • Średni wynik to 9 z 15

Statystyki odpowiedzi

PojęcieDefinicja% Poprawnych
Atenymiasto w Grecji, w starożytności było głównym miastem Attyki
93%
średniowieczeokres w dziejach między starożytnością a epoką nowożytną (umownie przyjmuje się lata 476–1492); okres ten postrzegany jest przez wielu historyków jako czas ekonomicznego zastoju
87%
powstanie listopadowepowstanie narodowe przeciw Rosji, rozpoczęte w Warszawie 29 listopada 1830 r. przez spiskowców ze Sprzysiężenia Piotra Wysockiego, a kierowane przez sejm i Rząd Narodowy oraz dyktatora Józefa Chłopickiego
84%
ratuszsiedziba władz miejskich; wznoszono je zwykle w centrum miasta, najczęściej na rynku lub przy jednej z pierzei
78%
Okrągły Stółforma negocjacji między PZPR a przedstawicielami NSZZ „SOLIDARNOŚĆ” i ich sojusznikami, trwających od 6 lutego do 5 kwietnia 1989 r., które doprowadziły do kompromisu politycznego, otwierającego drogę do ewolucyjnych zmian ustroju politycznego Polski
68%
Wiosna Ludówokres w dziejach Europy obejmujący lata 1848-1849, charakteryzujący się nasileniem rewolucji i powstań o podłożu politycznym, społecznym i niepodległościowym.
68%
MajowieIndianie Ameryki Środkowej zamieszkujący od IV w. p.n.e. półwysep Jukatan w Ameryce Środkowej, stworzyli wysoko rozwiniętą cywilizację, której szczytowy okres rozwoju przypadł na lata 325-925, wznosili kamienne budowle oraz piramidy schodkowe, znali technikę uprawy roli, tkactwo i garncarstwo
65%
Słowianiewielka grupa ludów indoeuropejskich, posługujących się blisko spokrewnionymi językami
57%
socjalizmideologia głosząca hasło ustanowienia społeczeństwa bezklasowego poprzez eliminację prywatnej własności środków produkcji i zastąpienie jej własnością uspołecznioną.
57%
konserwatyzmideologia i orientacja społeczno-polityczna, która ukształtowała się w pierwszej połowie XIX w. jako reakcja na rewolucję francuską, stał na straży tradycyjnego ładu społecznego i wartości ustalonych w danym społeczeństwie, był przeciwny liberalizmowi, socjalizmowi i ruchom rewolucyjnym, akceptował naturalne nierówności między ludźmi, akcentował konieczność poszanowania religii, własności, prawa i autorytetów
45%
unia brzeskaunia zawarta na synodzie w Brześciu Litewskim w 1596 r. na mocy której część duchownych i wyznawców prawosławia w Polsce uznała zwierzchnictwo papieża i przyjęła wszystkie dogmaty katolickie
38%
Wehrmachtsiły zbrojne III Rzeszy; został utworzony 16 marca 1935 r. na mocy ustawy o powszechnym obowiązku służby wojskowej w miejsce dotychczasowej zawodowej Reichswehry
38%
dukatzłota lub srebrna moneta bita w Europie od XIII do XIX wieku, w Wenecji od 1284 roku, w Polsce – od wieku XIV
32%
atamandowódca kozacki
25%
Wielki Skokpolityka forsownej industrializacji w Chinach, prowadzona w pięciolatce 1958–1962; polityka ta zakończyła się niepowodzeniem – zrujnowała gospodarkę i spowodowała klęskę głodu, która dotknęła ponad 20 mln ludzi.
25%

Rozkład punktacji

Percentyl według liczby udzielonych odpowiedzi

Procent ludzi z każdym wynikiem

Twoja historia wyników

Nie rozwiązałeś tego quizu